| 000 | 00746nam a2200217 a 4500 | ||
|---|---|---|---|
| 001 | 000037285 | ||
| 005 | 20200930080250.0 | ||
| 008 | 120321s1999 mx 000 0 spa d | ||
| 020 | _a8489796092 | ||
| 040 |
_aDO-SdBNP _bspa _cBNPHU |
||
| 082 |
_axxxx _bxxxx |
||
| 245 | 0 | 3 |
_aEl Darwinismo en España e Iberoamérica. / _ceditores, Thomas F. Glick, Rosaura Ruiz, Miguel Ángel Puig-Samper. |
| 260 |
_aParacuellos de Jarama, México : _bUniversidad Nacional autónoma de México, _c1999. |
||
| 300 |
_a333 p. ; _c24 cm. |
||
| 490 | 1 | _aActas | |
| 504 | _aBibliografía p: 322-323 | ||
| 700 | 1 |
_aGlick, Thomas F. _eed. _963716 |
|
| 700 | 1 |
_aRuiz, Rosaura _eed. _963717 |
|
| 700 | 1 |
_aPuig-Samper, Miguel Ángel _eed. _963718 |
|
| 830 | 0 |
_aActas _963719 |
|
| 999 |
_c36775 _d36775 |
||